| 000 | 00361nam a2200133Ia 4500 | ||
|---|---|---|---|
| 008 | 150202s9999 xx 000 0 und d | ||
| 020 | _a553292781 | ||
| 050 |
_aFIC _bFIC |
||
| 100 | _aPascal, Francine. | ||
| 245 |
_aSweet valley saga / _cFrancine Pascal. |
||
| 260 |
_aNew York : _bBantam Books, _c1991. |
||
| 300 |
_a346 pages : _c18 cm. |
||
| 650 | _aFiction. | ||
| 999 |
_c282314 _d282314 |
||